Number One Hits in the UK in the 1980s - Statistics

General Stats
  • This quiz has been taken 373 times
  • The average score is 119 of 191
Answer Stats
Hint Answer % Correct
Another Brick in the wall PF Pink Floyd
96%
Billie Jean | I just can't stop loving you | One day in your life MJ Michael Jackson
95%
Don't stand so close to me | Every breath you take | Every little thing she does is magic P Police
94%
Ashes to Ashes | Let's dance DB David Bowie
93%
A Different Corner | Careless Whisper GM George Michael
93%
Into the Groove | La Isla Bonita | Like a Prayer | +3 others M Madonna
93%
Super Trouper | The winner takes it all A Abba
92%
Freedom | I'm Your Man | The Edge of Heaven | Wake me Up before You Go Go W Wham
92%
Atomic | Call me | The tide is high B Blondie
91%
Do you really want to hurt me | Karma Chameleon CC Culture Club
91%
(Just like) starting over | Imagine | Woman JL John Lennon
90%
I want to dance with somebody (who loves me) | One Moment in Time | Saving All My Love For You WH Whitney Houston
90%
Uptown girl BJ Billy Joel
89%
Total Eclipse of the heart BT Bonnie Tyler
86%
I Just Called to Say I Love You SW Stevie Wonder
84%
Red red wine UB UB40
84%
The Sun Always Shines on TV a-h a-ha
83%
Always on My Mind | Heart | It's A Sin | West End Girls PSB Pet Shop Boys
83%
Never Gonna Give You Up RA Rick Astley
83%
Come on Eileen | Geno DMR Dexy's Midnight Runners
82%
Down under MAW Men at Work
82%
Do They Know Its Christmas BA Band Aid
81%
A Groovy Kind of Love | You cant hurry love PC Phil Collins
81%
The Final Countdown E Europe
80%
Relax | The Power of Love | Two Tribes FGtH Frankie Goes to Hollywood
80%
Hello LR Lionel Richie
80%
99 Red Balloons N Nena
80%
Pipes of Peace PM Paul McCartney
80%
Tainted love SC Soft cell
80%
Xanadu ONJ Olivia Newton John
79%
Under pressure Q&DB Queen & David Bowie
79%
Eye of the tiger S Survivor
79%
Is there something I should know DD Duran duran
76%
The Reflex DD Duran Duran
76%
Heaven is a Place on Earth BC Belinda Carlisle
75%
Green Door | Oh Julie | This ole house SS Shakin' Stevens
75%
Merry Christmas Everyone SS Shakin Stevens
75%
I Think We're Alone Now T Tiffany
75%
A town called malice | Beat Surrender | Going underground | Start J Jam
74%
House of fun M Madness
74%
Don't you want me HL Human League
72%
Hand on your Heart | I Should Be So Lucky KM Kylie Minogue
72%
Brass in Pocket P Pretenders
72%
When the Going Gets Tough, the Tough Get Going BO Billy Ocean
71%
I Want to Know What Love Is F Foreigner
71%
Mistletoe & Wine CR Cliff Richard
70%
You Spin Me Round (Like a Record) DoA Dead or Alive
70%
Goody two shoes AA Adam Ant
68%
Take My Breath Away B Berlin
68%
The Lady in Red CdB Chris de Burgh
68%
Chain Reaction DR Diana Ross
68%
Orinoco Flow E Enya
68%
Eternal Flame B Bangles
67%
Rock Me Amadeus F Falco
67%
True SB Spandau Ballet
67%
Desire U U2
67%
Do They Know Its Christmas BAII Band Aid II
66%
There Must Be an Angel (Playing in my Heart) E Eurythmics
66%
Dancing in the Street DBaMJ David Bowie and Mick Jagger
65%
Stand by Me BEK Ben E King
64%
Land of make believe | Making your mind up | The camera never lies BF Bucks Fizz
64%
Prince Charming | Stand & deliver A&tA Adam & the Ants
63%
Fame IC Irene Cara
63%
Give it up KC&tSB KC & the Sunshine Band
63%
Wherever I lay my heart (thats my home) PY Paul Young
63%
Nothings Gonna Stop Us Now S Starship
63%
Coward of the County KR Kenny Rogers
62%
Pass the Duchy MY Musical Youth
62%
Ghost town | The Special AKA alive S Specials
62%
Woman in love BS Barbra Streisand
60%
La Bamba LL Los Lobos
60%
You Got It (the right stuff) NKOTB New Kids on the Block
60%
Too shy K Kajagoogoo
59%
We Are the World UfA USA for Africa
59%
You Win Again BG Bee Gees
56%
Baby Jane RS Rod Stewart
56%
Jealous guy RM Roxy Music
56%
Theme from S'Express S'E S'Express
55%
China in Your Hand TP T'Pau
55%
A Good Heart FS Feargal Sharkey
54%
Sealed with a Kiss | Too Many Broken Hearts JD Jason Donovan
54%
Suicide is Painless M Mash
54%
Respectable M&K Mel & Kim
54%
Belfast Child SM Simple Minds
54%
Dont Leave Me This Way C Communards
53%
The Power of Love JR Jennifer Rush
53%
19 PH Paul Hardcastle
53%
I don't wanna dance EG Eddy Grant
52%
Caravan of Love H Housemartins
52%
Reet Petite (The Sweetest Girl in Town) JW Jackie Wilson
51%
Especially For You KM&JD Kylie Minogue and Jason Donovan
50%
I Feel for You CK Chaka Khan
49%
Perfect FA Fairground Attraction
49%
Living Doll CRatYO Cliff Richard and the Young Ones
48%
He Ain't Heavy He's my Brother H Hollies
48%
Frankie SS Sister Sledge
48%
The Model K Kraftwerk
47%
Shaddap You Face JD Joe Dolce
46%
If I Was MU Midge Ure
46%
There's no-one quite like Grandma SWSC St. Winifred's School Choir
46%
I Knew You Were Waiting (for me) AF&GM Aretha Franklin & George Michael
45%
Ride on Time BB Black Box
45%
Ebony & ivory PMwSW Paul McCartney with Stevie Wonder
45%
The lion sleeps tonight TF Tight fit
45%
Don't Turn Around A Aswad
44%
I Owe You Nothing B Bros
44%
Spirit in the Sky DatM Doctor and the Medics
44%
Let's Party | Swing the Mood | That's What I Like JB Jive Bunny
44%
With a Little Help From my Friends WWW/BB Wet wet wet / Billy Bragg
44%
All Around the World LS Lisa Stansfield
42%
Happy talk CS Captain Sensible
40%
Only you FP Flying Pickets
40%
Begin the Beguine JI Julio Iglesias
40%
The Chicken Song SI Spitting Image
40%
The Only Way is Up Y&PP Yazz & Plastic Population
39%
Candy girl NE New Edition
38%
Every Loser Wins NB Nick Berry
38%
Move Closer PN Phyllis Nelson
37%
Everything I Own BG Boy George
36%
Feels like I'm in love KM Kelly Marie
36%
Pump Up the Volume M MARRS
36%
Japanese boy A Aneka
35%
I Know Him so Well EP&BD Elaine Paige & Barbara Dickson
35%
I Got You Babe UaCH UB40 and Chrissie Hynde
35%
Nothing's Gonna Change My Love for You GM Glenn Medeiros
33%
What's another year JL Johnny Logan
33%
Doctorin' the Tardis T Timelords
33%
I've never been to me C Charlene
32%
Working my way back to you DS Detroit Spinners
32%
Crying DM Don McLean
32%
Seven tears GDB Goombay Dance Band
32%
Use it up and wear it out O Odyssey
32%
I Should Have Known Better JD Jim Diamond
31%
Save your love R&R Renee & Renato
31%
Being with you SR Smokey Robinson
27%
I Want to Wake Up With You BG Boris Gardiner
26%
A little peace N Nicole
25%
Easy Lover PBwPC Phil Bailey with Phil Collins
25%
You'll Never Stop me from Loving You S Sonia
25%
Something's Gotten Hold of My Heart MAwGP Marc Almond with Gene Pitney
23%
It's my party DS&BG Dave Stewart & Barbara Gaskin
22%
Star Trekkin' F Firm
22%
Let It Be FA Ferry Aid
21%
Together we are beautiful FK Fern Kinney
20%
Jack Your Body S(S)H Steve (Silk) Hurley
19%
First Time RB Robin Beck
16%
Back to Life (however do you want me) SSfCW Soul II Soul featuring Caron Wheeler
12%
You'll Never Walk Alone C Crowd
9%
Ferry Cross the Mersey C,HJ,PM, GM Christians, Holly Johnson, Paul McCartney, Gerry Marsden,
2%
No matching quizzes found
Score Distribution
Percent of People with Each Score
Percentile by Number Answered
Your Score History
You have not taken this quiz